Long-time behavior of second order evolution equations with nonlinear damping /

Guardado en:
Autor Principal: Chueshov, Igor, 1951-
Otros Autores: Lasiecka, I. 1948-
Formato: Libro
Idioma:English
Publicado: Providence, R.I. : American Mathematical Society, c2008.
Series:Memoirs of the American Mathematical Society, no. 912
Materias:
Etiquetas: Agregar Etiqueta
Sin Etiquetas, Sea el primero en etiquetar este registro!
LEADER 01148cam a22002894a 4500
001 MAT.inmabb005228
008 080507s2008####riu######b####001#0#eng##
005 20171010154906.0
245 1 0 |a Long-time behavior of second order evolution equations with nonlinear damping /  |c Igor Chueshov, Irena Lasiecka. 
260 |a Providence, R.I. :  |b American Mathematical Society,  |c c2008. 
300 |a viii, 183 p. ;  |c 26 cm. 
440 0 |a Memoirs of the American Mathematical Society,  |x 0065-9266 ;  |v no. 912 
500 |a "Volume 195, number 912 (third of 4 numbers)." 
500 |a "September 2008." 
504 |a Incluye referencias bibliográficas (p. 179-182) e índice. 
510 4 |a MR,  |c 2009i:37200 
020 |a 9780821841877 
020 |a 0821841874 
100 1 |a Chueshov, Igor,  |d 1951- 
700 1 |a Lasiecka, I.  |q (Irena),  |d 1948- 
650 0 |a Attractors (Mathematics) 
650 0 |a Evolution equations, Nonlinear. 
650 0 |a Differentiable dynamical systems. 
084 |a 37L30 (34G20 35B40 35B41 35L05 37L05 47H20 74K20)  |2 msc2000 
010 |a  2008020750 
040 |a DLC  |c DLC  |d BTCTA  |d OCLCG  |d ORZ  |d DLC 
859 |k H  |p MAMS-912  |b BIB. MATEMATICA